| 000 | 01415cam a2200349 a 4500 | ||
|---|---|---|---|
| 003 | CHAP | ||
| 005 | 20220329142504.0 | ||
| 008 | 010614d2000 mx r 000 spa d | ||
| 010 | _a84198 | ||
| 011 | _a85170 | ||
| 035 | _a95701 | ||
| 040 | _cCHAP | ||
| 100 | 0 | 0 |
_aValdovinos Barrientos, José Francisco. _9117388 |
| 245 | 0 | 0 |
_aRendimiento y composición química del sorgo forrajero, clitoria y asociación sorgo-clitoria al tercer corte utilizando cuatro niveles de fertilización nitrógeno-fósforo en condiciones de temporal en trópico seco _c/por José Francisco Valdominos Barrientos |
| 260 |
_aCocula, Gro. : _bEl autor, _c2000. |
||
| 300 | _a35 h. | ||
| 500 | _aTesis (Ing. Agr. Zootecnista) -- Colegio Superior Agropecuario del Estado de Guerrero | ||
| 590 |
_aBATCH-UPD _b10 _c20130110 _lUCH01 _h0011 |
||
| 590 |
_aBATCH-UPD _b10 _c20130110 _lUCH01 _h0720 |
||
| 590 |
_aBATCH-UPD _b10 _c20130409 _lUCH01 _h1948 |
||
| 590 |
_aBATCH-UPD _b10 _c20130410 _lUCH01 _h0405 |
||
| 590 |
_aBATCH-UPD _b10 _c20130913 _lUCH01 _h2154 |
||
| 590 |
_aCONVERSION _b10 _c20130109 _lUCH01 _h1347 |
||
| 650 | 1 | 4 |
_aAgricultura de temporal. _91999 |
| 650 | 1 | 4 |
_aFósforo _xEfecto en sorgo. _942254 |
| 650 | 1 | 4 |
_aNitrógeno _xEfecto en sorgo. _981461 |
| 650 | 1 | 4 |
_aSorgo forrajero _xRendimiento. _9108749 |
| 901 | _aBK | ||
| 905 | _aLilia Sánchez G. | ||
| 942 | _cTESIS | ||
| 949 |
_aTesis _bBC _cTES _d957011 _eTS1 _h38236 _i95701 _sb |
||
| 999 |
_c84198 _d84198 |
||